书目信息 |
| 题名: |
环境遥感
|
|
| 作者: | 黄家柱 等 , 王桥 , 杨一鹏 编著 | |
| 分册: | ||
| 出版信息: | 北京 科学出版社 2005 |
|
| 页数: | ||
| 开本: | 26cm | |
| 丛书名: | ||
| 单 册: | ||
| 中图分类: | X87 | |
| 科图分类: | ||
| 主题词: | 环境遥感 | |
| 电子资源: | ||
| ISBN: | 7-03-014351-5 | |
| 000 | 00624nam0 2200205 450 | |
| 001 | 0754114953 | |
| 005 | 20070929150154.95 | |
| 010 | @a7-03-014351-5 | |
| 100 | @a20070929d km y0chiy0120 ea | |
| 101 | 0 | @achi |
| 200 | 1 | @a环境遥感@Ahuan jing yao gan@f王桥,杨一鹏,黄家柱 等 编著@Fwang qiao,yang yi peng,huang jia zhu deng bian zhu |
| 210 | @a北京@c科学出版社@d2005 | |
| 215 | @c插图@d26cm | |
| 606 | 0 | @a环境遥感 |
| 690 | @aX87@v3 | |
| 701 | 0 | @a黄家柱 等@Ahuang jia zhu deng@4编著 |
| 701 | 0 | @a王桥@Awang qiao@4编著 |
| 701 | 0 | @a杨一鹏@Ayang yi peng@4编著 |
| 801 | 0 | @aCN@bPFT@c20070929 |
| 905 | @a213230@dX87@eh57@f1 | |
| 环境遥感/王桥,杨一鹏,黄家柱 等 编著.-北京:科学出版社,2005 |
| 插图;26cm |
| ISBN 7-03-014351-5: |
| ● |
| 相关链接 |
|
|
|
|
正题名:环境遥感
索取号:X87/h57
 
预约/预借
| 序号 | 登录号 | 条形码 | 馆藏地/架位号 | 状态 | 备注 |
| 1 | 6002599 | 260025993 | 密集书库-化学系/ [索取号:X87/h57] | 在馆 |